| 000 | 00456nam a22001937a 4500 | ||
|---|---|---|---|
| 001 | 00028576 | ||
| 005 | 20260317152039.0 | ||
| 008 | 260317b ag ||||| |||| 00| 0 spa d | ||
| 020 | _a9508770414 | ||
| 040 |
_bspa _cAR-CcCEOS |
||
| 080 | _a784.188 | ||
| 090 | _bTAN | ||
| 245 |
_aTangos y milongas : _bletras |
||
| 250 | _a1a ed. | ||
| 260 |
_aBuenos Aires : _bAC, _c2004. |
||
| 300 |
_a144 p. ; _c20x14 cm. |
||
| 650 | 0 | _atangos | |
| 942 |
_2udc _cBK |
||
| 999 |
_c28606 _d28606 |
||
| 945 |
_a66467 _bMelina Rolando _c66467 _dMelina Rolando |
||